000 00593nab a2200193 a 4500
005 20220427134419.0
008 991125s1985 mx 000 0 spa u
035 _aUPN01000184005
100 1 _aBárcena Orbe, Fernando,
_d1957-
_931177
222 _aINNOVACION EDUCATIVA
245 _aEl brillo de las luciérnagas : ensayo filosófico para la recuperación de la experiencia educativa
260 _aMéxico
300 _a14-31
362 0 _a2011 Vol. 11, no. 55, abr.-jun.
653 0 _aFILOSOFIA EDUCATIVA
653 0 _aEXPERIENCIA
653 0 _aACONTECIMIENTO
905 _aArticulo
999 _c156108
_d156108